000 00366nam a2200157Ia 4500
003 LK-CoDNM
008 010623t1900 xxu||||| |||| 00| 1 eng d
040 _aLK-CoDNM
_dLK-CoDNM
_eLK-CoDNM
041 _aeng
080 _a50
_bB 2
245 _aRehearsal of wrongs : Gould's Convictions
260 _b?
_c1900
300 _b6P., 20 cm
650 _aLaw
942 _cBK
999 _c84964
_d84964